000 00696nam a2200217 a 4500
999 _c5327
_d5327
001 5327
003 BD-JhCC
005 20171212175623.0
008 171212s xxu||||| |||| 00| 0 ben d
035 _a(BD-JhCC)5327
040 _aBD-JhCC
_dBD-JhCC
041 _aben
082 _a1998
_bANS 1998
100 _aআনসারী, মোঃ আব্দুল্লাহ
245 _aমেট্রিক : তত্ত্ব ও ব্যবহার /
_c মোঃ আব্দুল্লাহ আনসারী
260 _aঢাকা :
_bবাংলা একাডেমী,
_c1998.
300 _a219 p. :
_c21 cm.
650 _aMatrices
942 _2ddc
_cBK